La metapsicología revisitada /

-д хадгалсан:
Номзүйн дэлгэрэнгүй
Үндсэн зохиолч: Green, André (autor)
Формат: Ном
Хэл сонгох:испани
Хэвлэсэн: Buenos Aires, Argentina : EUDEBA, 1996, c1996
Цуврал:(Pensamiento Contemporáneo EUDEBA)
Нөхцлүүд:
Шошгууд: Шошго нэмэх
Шошго байхгүй, Энэхүү баримтыг шошголох эхний хүн болох!

MARC

LEADER 00000nam^a2200000^a^4500
001 000181641
005 20250521000000.0
009 20260310101939.395
020 |a 950-23-0633-2 
037 |a Acervo ITESO - Biblioteca 
041 |a ESP 
082 |a 150. 195  |b GRE 
100 |a Green, André  |e (autor) 
245 1 3 |a La metapsicología revisitada /  |c A. Green ; tr. por Irene Agoff. 
264 4 |a Buenos Aires, Argentina :  |b EUDEBA,  |c 1996, c1996 
300 |a 383 p. 
336 |a texto  |b txt  |2 rdacontenido 
337 |a sin mediación  |b n  |2 rdamedio 
338 |a volumen  |b nc  |2 rdasoporte 
440 1 |a (Pensamiento Contemporáneo EUDEBA) 
500 |a Traducción de: Propédeutique. La Métapsychologie revisitée 
649 |a XX 
650 |a Psicoanalistas Austríacos 
650 |a Psicólogos Austríacos 
650 |a Psicoanalistas Franceses 
650 |a Psicólogos Franceses 
650 |a Yo (Psicoanálisis) 
650 |a Subjetividad (Psicología) 
650 |a Pulsiones 
650 |a Sexualidad 
650 |a Afectividad 
650 |a Representación Social 
650 |a Lenguaje y Pensamiento 
650 |a Psicoanálisis Freudiano 
650 |a Psicoanálisis Lacaniano 
650 |a Escuela Francesa de Psicoanálisis 
650 |a Psicoanálisis 
650 |a Psicología Clínica 
910 |a Fondo General 
920 |a Impresos - Libros 
930 |a Colección General 
905 |a 101 
901 |a 0500121483  |b IT1  |c ACC  |u 20250521 
902 |a https://opac.biblio.iteso.mx/vufind/Record/000181641